[Event "Avoine op 30th"]
[Site "Avoine"]
[Date "2015.07.18"]
[Round "1"]
[White "Ternault, Mathieu"]
[Black "Roussey, Quentin"]
[Result "1-0"]
[WhiteElo "2199"]
[BlackElo "1964"]
[PlyCount "81"]
[EventDate "2015.07.18"]
[EventType "swiss"]
[EventRounds "9"]
[EventCountry "FRA"]
[SourceTitle "EXT 2016"]
[Source "ChessBase"]
[SourceDate "2015.10.08"]
[SourceVersion "1"]
[SourceVersionDate "2015.10.08"]
[SourceQuality "1"]

1. d4 Nf6 2. c4 c6 3. Nc3 d5 4. Nf3 Bf5 5. e3 h6 6. Be2 e6 7. Ne5 Bd6 8. f4 0-0 9. Qb3 Qb6 10. c5 Qxb3 11. axb3 Bc7 12. g4 Bc2 13. Kd2 Bh7 14. Rg1 Ne4+ 15. Nxe4 Bxe4 16. Nd3 g5 17. Kc3 Nd7 18. Bd2 a5 19. h4 f6 20. Nf2 Bg6 21. f5 exf5 22. Bd3 b6 23. gxf5 Bf7 24. e4 bxc5 25. hxg5 cxd4+ 26. Kc2 fxg5 27. Bxg5 Kh7 28. Rh1 h5 29. exd5 Ne5 30. Ne4 Nxd3 31. Kxd3 Be5 32. d6 Be8 33. Raf1 Ra7 34. Be7 Rg8 35. Bf6 Rg3+ 36. Nxg3 Bxg3 37. Bxd4 Rb7 38. Rhg1 Bxd6 39. Re1 Bf7 40. Rg7+ Kh6 41. Rxf7 1-0

[Event "Granada Nazari 1st op"]
[Site "Granada"]
[Date "2014.04.15"]
[Round "1.6"]
[White "Orantes Taboada, Francisco"]
[Black "Roussey, Quentin"]
[Result "1-0"]
[WhiteElo "1870"]
[BlackElo "1919"]
[PlyCount "63"]
[EventDate "2014.04.15"]
[EventType "swiss"]
[EventRounds "7"]
[EventCountry "ESP"]
[SourceTitle "EXT 2024"]
[Source "ChessBase"]
[SourceDate "2023.10.10"]
[SourceVersion "1"]
[SourceVersionDate "2023.10.10"]
[SourceQuality "1"]
[WhiteTeam "Granada Comb"]
[BlackTeam "International Comb"]
[WhiteTeamCountry "ESP"]
[BlackTeamCountry "ESP"]

1. e4 d5 2. exd5 Nf6 3. d4 Nxd5 4. Nc3 Nxc3 5. bxc3 e5 6. Be3 Nc6 7. a3 Bd6 8. Bb5 Bd7 9. Nf3 e4 10. Nd2 f5 11. Nc4 Qf6 12. d5 Ne5 13. Bxd7+ Nxd7 14. Bd4 Qf7 15. 0-0 Nf6 16. Bxf6 Qxf6 17. Nxd6+ cxd6 18. f3 0-0 19. fxe4 Qxc3 20. exf5 Rac8 21. Qe2 Rfe8 22. Qg4 Rc4 23. Qh5 Qe3+ 24. Kh1 Qe2 25. Rf3 Qe1+ 26. Rf1 Qe2 27. Rf3 Rxc2 28. Rg1 Re3 29. f6 gxf6 30. Qg4+ Kh8 31. Qd7 Qe1 32. Qd8+ 1-0

[Event "FRA-ch U18"]
[Site "Troyes"]
[Date "2010.04.11"]
[Round "1"]
[White "Buscara, Sevan"]
[Black "Roussey, Quentin"]
[Result "1-0"]
[WhiteElo "2238"]
[BlackElo "1868"]
[PlyCount "73"]
[EventDate "2010.04.11"]
[EventType "swiss"]
[EventRounds "9"]
[EventCountry "FRA"]
[SourceTitle "EXT 2012"]
[Source "ChessBase"]
[SourceDate "2011.11.24"]
[SourceVersion "1"]
[SourceVersionDate "2011.11.24"]
[SourceQuality "1"]

1. d4 Nf6 2. Nf3 d5 3. c4 e6 4. Nc3 Be7 5. cxd5 exd5 6. Bg5 0-0 7. e3 c6 8. Bd3 Bg4 9. Qc2 Nbd7 10. Ne5 h6 11. h3 Be6 12. Bf4 Nxe5 13. Bxe5 Bd6 14. 0-0 Ne8 15. Ne2 Qc7 16. Bf4 Nf6 17. b4 Nh5 18. Bxd6 Qxd6 19. Rab1 Rac8 20. a4 f5 21. Qc5 Qd8 22. f4 a6 23. Qc2 Qh4 24. Kh2 Kh8 25. g3 Qe7 26. Ng1 Nf6 27. Nf3 Ne4 28. Ne5 Kh7 29. Bxe4 dxe4 30. Qa2 b5 31. Rbc1 Bd5 32. Rc5 Rf6 33. Rfc1 Qe8 34. Qc2 Rd6 35. Ra1 Qe6 36. axb5 axb5 37. Ra7 1-0

[Event "Val Thorens op 33th"]
[Site "Val Thorens"]
[Date "2007.07.20"]
[Round "7"]
[White "Roussey, Quentin"]
[Black "Bernard, Jean"]
[Result "1-0"]
[WhiteElo "1850"]
[BlackElo "1913"]
[PlyCount "49"]
[EventDate "2007.07.14"]
[EventType "swiss"]
[EventRounds "9"]
[EventCountry "FRA"]
[SourceTitle "EXT 2010"]
[Source "ChessBase"]
[SourceDate "2010.11.25"]
[SourceVersion "1"]
[SourceVersionDate "2010.11.25"]
[SourceQuality "1"]

1. e4 e5 2. d4 exd4 3. Qxd4 Nc6 4. Qe3 d6 5. Nc3 Nf6 6. Bd2 Be7 7. Be2 0-0 8. Qg3 Ne5 9. f4 Ng6 10. f5 Ne5 11. 0-0-0 Kh8 12. h4 a6 13. h5 h6 14. Qh3 b5 15. Nf3 b4 16. Nxe5 bxc3 17. Bxc3 Qe8 18. Ng6+ fxg6 19. hxg6 Ng8 20. Qxh6+ Nxh6 21. Rxh6+ Kg8 22. Bc4+ Rf7 23. Bxf7+ Qxf7 24. gxf7+ Kxf7 25. Rg6 1-0

[Event "Besancon op"]
[Site "Besancon"]
[Date "2005.12.28"]
[Round "5"]
[White "Olivry, Clement"]
[Black "Roussey, Quentin"]
[Result "0-1"]
[WhiteElo "1280"]
[BlackElo "1610"]
[PlyCount "40"]
[EventDate "2005.12.27"]
[EventType "swiss"]
[EventRounds "7"]
[EventCountry "FRA"]
[SourceTitle "CBM 110 Extra"]
[Source "ChessBase"]
[SourceDate "2006.03.10"]
[SourceVersion "2"]
[SourceVersionDate "2006.03.10"]
[SourceQuality "1"]

1. e4 d5 2. Nc3 Nf6 3. f3 e6 4. exd5 Nxd5 5. d3 Nxc3 6. bxc3 Bd6 7. d4 0-0 8. Bd3 Re8 9. Qe2 c6 10. Qe4 g6 11. Nh3 e5 12. 0-0 Bxh3 13. gxh3 Nd7 14. Bb2 exd4 15. Qxd4 Bc5 16. Qxc5 Nxc5 17. Rad1 Qh4 18. Ba3 Nxd3 19. Rxd3 Re2 20. Bb2 Qg5+ 0-1

[Event "Besancon op"]
[Site "Besancon"]
[Date "2004.12.27"]
[Round "1"]
[White "Roussey, Quentin"]
[Black "Pichelin, Pascal"]
[Result "0-1"]
[WhiteElo "1560"]
[BlackElo "1997"]
[PlyCount "60"]
[EventDate "2004.12.27"]
[EventType "swiss"]
[EventRounds "7"]
[EventCountry "FRA"]
[SourceTitle "EXT 2006"]
[Source "ChessBase"]
[SourceDate "2005.11.24"]
[SourceVersion "1"]
[SourceVersionDate "2005.11.24"]
[SourceQuality "1"]

1. e4 c5 2. Nf3 Nc6 3. d4 cxd4 4. Nxd4 Nf6 5. Nc3 e5 6. Nxc6 bxc6 7. Bd3 Bb4 8. Bd2 0-0 9. 0-0 d5 10. exd5 cxd5 11. Nb5 Bc5 12. Be3 Bxe3 13. fxe3 Qb6 14. Re1 Bd7 15. c4 dxc4 16. Be4 Rad8 17. Nd6 Bg4 18. Nxc4 Rxd1 19. Nxb6 Rxa1 20. Rxa1 Nxe4 21. Nc4 f6 22. h3 Be2 23. Na5 Rc8 24. Re1 Rc2 25. g4 Rxb2 26. a3 Ra2 27. Nc6 a6 28. Nb4 Rb2 29. Nd5 Bf3 30. Rf1 Rg2+ 0-1